00378nam a22001337a 450000500170000000800410001702000110005803500130006904000130008210000170009524500760011226000390018830000170022720120130174655.0120130t xxu||||| |||| 00| 0 eng d c000.00 aA-159376 aDPLbENG aNapier, John aBigfoot : The yeti and Sasquatch in Myth and Reality /cby John, Napier aGreat britainbJonathan Capec1972 a240p.c22cms